| 000 | 00651cam a22002054a 4500 | ||
|---|---|---|---|
| 001 | sa 68007760 | ||
| 003 | DLC | ||
| 005 | 20260227112525.0 | ||
| 008 | 060830s1966 ii 000 0 urdo | ||
| 010 | _asa 68007760 | ||
| 040 |
_aDLC _cDLC |
||
| 050 | 0 | 0 |
_aPK2199.F55 _bD43 1966 |
| 100 | 0 |
_aFirāq Gorakhpūrī, _d1896-1982. |
|
| 245 | 1 | 0 |
_aDhartī kī karvaṭ : _baur dūsrī buland maqṣad-i naẓmen̲ ; muntak̲h̲ab-i naẓmen̲ / _cFirāq Gorakhpūrī. |
| 250 | _a1. ishāʻat. | ||
| 260 |
_aAllahābād : _bSāhityah Kalā Bhavan, _c1966. |
||
| 300 |
_a172 p. ; _c22 cm. |
||
| 490 | 0 |
_aTak̲h̲līqī adab sīrīz ; _v5 |
|
| 546 | _aIn Urdu. | ||
| 999 |
_c82025 _d82025 |
||